00421 a2200145 4500001000700000003000400007005001700011008004100028082001800069100001900087245008600106260005100192300001000243700002200253066404OSt20210928111754.0  a005.133bR24P1 aReddy, Rama N.1 aC programming for scientists and engineerscby Rama N. Reddy and Carol A. Ziegler aBostonbJones & Bartlett Learning Canadac2010 a837p. aZiegler, Carol A.